00566cam a2200169ua 4500001000400000008003900004040000900043082001000052245009300062250000900155260003300164300001700197653002200214653006900236653005900305700003200364341110330n ii |||gr||||Z||||||asm cMAIN a320.51 aSnatok moholar rajanitik tatta aru Plato, Aristotel rajnatik darsan cby Jaigeswar Borah a2nd. aJorhat:bBidyabhawan,c2009. a411p:c25cm. aPolitical science aPolitical theory and political philosophy of Plato and Aristotle aSnatok mahalar rajanitik tatta aru Plato and Aristotle aBorah, Jaigeswar.,eAuthor.